| 000 | 02692cam a2200493 4500 | ||
|---|---|---|---|
| 001 | M96651 | ||
| 008 | 090401t1998 xxu||||| |||| 00| 0 eng d | ||
| 035 | _a(Sirsi) u91304 | ||
| 041 | _aeng | ||
| 050 | _a690.072 | ||
| 110 |
_aRoyal Institution of Chartered Surveyors _94900 |
||
| 245 |
_aCOBRA : Construction and Building Research Conference 1998. Vol 2 ... Oxford Centre for Real Estate Management, 2nd-3rd September 1998, Oxford Brookes University _h[electronic resource] |
||
| 260 |
_aOxford _bOxford Brookes University _c1998 |
||
| 260 |
_aLondon _bRICS _c1998 |
||
| 300 | _a177p. ; 30cm. | ||
| 350 | _a0 | ||
| 505 | _aOpportunities for effective design development within the design and build procurement route. | ||
| 505 | _aA comparison of fire safety legislation and administration in Europe and Canada. | ||
| 505 | _aDesigning for short life : industry response to the proposed reuse of building services components. | ||
| 505 | _aApplication of a life cycle technique to the environmental assessment of housing. | ||
| 505 | _aAppraising the total performance of higher education buildings : a participatory approach towards a knowledge-base system. | ||
| 505 | _aStrategic facilities management within community health care NHS Trusts. | ||
| 505 | _aMaintenance service development. | ||
| 505 | _aThe role of human error in the management of construction defects. | ||
| 505 | _aResponse to the New Engineering Contract : a review of experts` observations on this radical new contract. | ||
| 505 | _aFast-track dispute resolution on construction : the emerging agenda. | ||
| 505 | _aTracing the roots of construction claims. | ||
| 505 | _aA methodology for evaluation of the variation clause in the standard form of contract. | ||
| 505 | _aStrengthening of existing structures using fibre-reinforced composites. | ||
| 505 | _aAn international comparison of the variability of specification in speculative office design. | ||
| 505 | _aTilt-up concrete construction : innovative technology decision systems in the UK and USA. | ||
| 505 | _aResins in timber. | ||
| 650 | _aBUILT ENVIRONMENT-BUILDING CONTRACT FORMS | ||
| 650 | _aBUILT ENVIRONMENT-CONSTRUCTION DESIGN | ||
| 650 | _aBUILT ENVIRONMENT-BUILDING MAINTENANCE AND REFURBISHMENT | ||
| 650 | _aBUILDING TECHNOLOGY | ||
| 650 | _aCOBRA 98 | ||
| 650 | _aCONSTRUCTION RESEARCH | ||
| 650 | _aCONTRACT LAW | ||
| 690 | _aBUILT ENVIRONMENT | ||
| 856 | 4 | 0 |
_uhttps://www.rics.org/profession-standards/knowledge-and-information-services/document-delivery-and-other-kis-fees _zplease email [email protected] to request a copy of one of the papers |
| 942 |
_n0 _2ddc |
||
| 948 | _c12/02/1999 | ||
| 999 |
_c97628 _d97628 |
||